• Belletti F., Borzì L., Cucculelli F., Murano E., Rossi E., Fusco C., Casavecchia A.,

di Personal Name

Records bibliografici associati: 1

001 - CONTROL NUMBER

  • control field: 61205

003 - CONTROL NUMBER IDENTIFIER

  • control field:

005 - DATE AND TIME OF LATEST TRANSACTION

  • control field: 20241216120749.0

008 - FIXED-LENGTH DATA ELEMENTS

  • fixed length control field: 241216|| aca||aabn | a|a d

040 ## - CATALOGING SOURCE

  • Original cataloging agency:
  • Transcribing agency:

100 ## - HEADING--PERSONAL NAME

  • Personal name: Belletti F., Borzì L., Cucculelli F., Murano E., Rossi E., Fusco C., Casavecchia A.,
  • Personal name: Salmieri L., Faioli M., Migliarese P., Sorrenti R., Tringali M., Picchi E., Sanicola N., Colombo A....

670 ## - SOURCE DATA FOUND

  • Source citation: Work cat.: ()207872: Rebuzzini Lorenza (a cura di) 61204, Le nuove frontiere della conciliazione famiglia-lavoro, 2012
CREDITS: SOCIETA' SAN PAOLO Via A.Severo, 58 - ROMA (RM) & PERIODICI SAN PAOLO SRL Via Giotto, 36 MILANO & CISF Via Giotto, 36 MILANO & EDIZIONI SAN PAOLO SRL,  Piazza Soncino, 5 CINISELLO BALSAMO (MI) -- ITALY